Physiko-chemische Prozesse in Grundwässern /

Uložené v:
Podrobná bibliografia
Hlavný autor: Tjutjunova, Faina Ivanovna (Author)
Médium: Kniha
Jazyk:German
Vydané: Leipzig : Deutscher Verlag für Grundstoffindustrie, 1980.
Vydanie:1. Auflage
Fyzický popis: 146 strán.
Tagy: Pridať tag
Žiadne tagy, Buďte prvý kto otaguje tento záznam!

MARC

LEADER 00000nam a22000002i 4500
001 000634521
005 20200422133148.0
008 200422s1980 gw e 000 0 ger d
020 |c Kčs 62,00  |q (brožované) 
040 |a SVKKK  |b slo  |c SVKKK  |e rda 
100 1 |a Tjutjunova, Faina Ivanovna  |4 aut 
245 1 0 |a Physiko-chemische Prozesse in Grundwässern /  |c Faina Ivanovna Tjutjunova. 
250 |a 1. Auflage 
264 1 |a Leipzig :  |b Deutscher Verlag für Grundstoffindustrie,  |c 1980. 
300 |a 146 strán. 
336 |a text  |b txt  |2 rdacontent 
337 |a bez média  |b n  |2 rdamedia 
338 |a zväzok  |b nc  |2 rdacarrier 
500 |a Záznam revízie 
910 |a svkkk 
998 |a BK 
090 |g SCKHL  |k Sklad Pribinova 2. posch.  |a III.118906  |j 635190  |i 2720216462  |s Absenčne